| Tag |
First Indicator |
Second Indicator |
Subfields |
| LEADER |
00000cam a2200000 a 4500 |
| 001 |
in00000006932 |
| 005 |
20151004070014.0 |
| 008 |
871118s1987 ne a b 10010 eng d |
| 020 |
|
|
|a 044470258X
|
| 035 |
|
|
|a (OCoLC)16997931
|
| 035 |
|
|
|9 AAA1393AM
|
| 040 |
|
|
|a KUK
|c KUK
|d IAI
|d TXA
|d UtOrBLW
|
| 049 |
|
|
|a TXAM
|c [A12543231]
|
| 050 |
|
4 |
|a LB1028.5
|b .C595 1986
|
| 111 |
2 |
|
|a Conference of the European Commission on the Development of Educational Software
|d (1986 :
|c Enschede)
|
| 245 |
1 |
0 |
|a Cal for Europe :
|b computer-assisted learning for Europe : proceedings of a Conference of the European Commission on the Development of Educational Software, Enschede, The Netherlands, 25-28 May, 1986 /
|c edited by Tjeerd Plomp, Koos van Deursen, Jef Moonen.
|
| 264 |
|
1 |
|a Amsterdam ; New York :
|b North-Holland ;
|c 1987.
|
| 264 |
|
2 |
|a New York :
|b Distributed in USA by Elsevier Science,
|
| 300 |
|
|
|a xiii, 166 pages :
|b illustrations ;
|c 25 cm.
|
| 336 |
|
|
|a text
|b txt
|2 rdacontent
|
| 337 |
|
|
|a unmediated
|b n
|2 rdamedia
|
| 338 |
|
|
|a volume
|b nc
|2 rdacarrier
|
| 504 |
|
|
|a Includes bibliographical references.
|
| 650 |
|
0 |
|a Computer-assisted instruction
|v Congresses.
|
| 700 |
1 |
|
|a Plomp, Tj.
|
| 700 |
1 |
|
|a Deursen, Koos van.
|
| 700 |
1 |
|
|a Moonen, Jef.
|
| 710 |
2 |
|
|a European Commission on the Development of Educational Software.
|
| 740 |
0 |
|
|a Computer-assisted learning for Europe.
|
| 999 |
|
|
|a MARS
|
| 999 |
f |
f |
|s 46c9e710-8193-3749-bc46-aefc030a72a6
|i dcd2c53e-40c8-377e-b4bc-37fadc537a30
|t 0
|
| 952 |
f |
f |
|p normal
|a Texas A&M University
|b College Station
|c Sterling C. Evans Library
|d Evans: Library Stacks
|t 0
|e LB1028.5 .C595 1986
|h Library of Congress classification
|i unmediated -- volume
|m A14812543231
|
| 998 |
f |
f |
|a LB1028.5 .C595 1986
|t 0
|l Evans: Library Stacks
|